| 000 | 00406nam a22001697a 4500 | ||
|---|---|---|---|
| 005 | 20160623163034.0 | ||
| 008 | 160623b xxu||||| |||| 00| 0 eng d | ||
| 020 | _a978-81-265-1878-4 | ||
| 041 | _aeng | ||
| 082 | _b9440 | ||
| 100 |
_aAgarwal, Basant _92014 |
||
| 245 | _aBasic Mechanical Engineering | ||
| 260 |
_bWily India _c2013 |
||
| 300 | _a363 | ||
| 650 |
_aDiploma Engineering _9817 |
||
| 942 | _cBK | ||
| 999 |
_c3722 _d3721 |
||